Equipe de France- coupe du monde - Statistiques

Statistiques générales
  • Ce quiz a été pris 87 fois
  • Le résultat moyen est 14 sur 20
Statistiques - réponses
Enoncé Réponse % Correct
Meilleur buteur de l'histoire de l'EDF Thierry Henry
94%
Quel est le meilleur buteur Français sur une coupe du monde Just Fontaine
85%
Unique buteur de France - Croatie ( 1998 ) Lilian Thuram
85%
Quel adversaire ont-ils eu en poule de la CDM en 1998,2002,2018,2022 Danemark
80%
Le joueur Français qui a manqué son pénalty en 2006 ( France-Italie) David Trezeguet
80%
Premier buteur de France-Espagne en 2006 Franck Ribéry
80%
Quel est le prénom de Giresse ? Alain
79%
Joueur qui a été expulsé du groupe à la coupe du monde 2010 Nicolas Anelka
74%
Capitaine de l'Equipe de France en 2010 Patrice Evra
74%
Quel équipe à battu la France à la dernière seconde en 1993 qui leur a privé de coupe du monde 1994 ? Bulgarie
72%
En quel année la France a atteint le top 3 d'une coupe du monde pour la première fois ? 1958
70%
Date de fondation de l'Equipe de France 1904
67%
La France a organisé la première fois la coupe du monde en... 1938
67%
Buteur du match retour France-Irlande ( barrage 2010 ) William Gallas
63%
Lieu du France - Allemagne ( 1982 ) Séville
62%
Quel est le nom du Français qui a inventé la coupe du monde ? Jules Rimet
57%
Le joueur Français qui a manqué son pénalty en 1998 ( France-Italie) Bixente Lizarazu
53%
Entraîneur de l'EDF en 2003 Jacques Santini
52%
Contre qui la France a perdu le match pour le troisième place en 1982 Pologne
47%
Score de leur premier match contre la Belgique (1/05/1904) 3-3
31%
Aucun quiz correspondant
Distribution des résultats
% des personnes avec chaque résultat
Percentile par nombre de réponses
Votre historique - résultats
Vous n’avez pas pris ce quiz